Bilecik Bilecik Bilecik Bilecik Bilecik

Mektubat/ (Record no. 49263)

MARC details
000 -BAŞLIK
Sabit Uzunluktaki Kontrol Alanı 01117nam a22003737a 4500
001 - KONTROL NUMARASI
Control Dosyası 0049425
003 - KONTROL NUMARASI KİMLİĞİ
Kontrol Alanı KOHA_MİRAKIL
005 - EN SON İŞLEM TARİHİ ve ZAMANI
Kontrol Alanı 20260207003652.0
007 - FİZİKSEL TANIM SABİT ALAN - GENEL BİLGİ
Sabit uzunluklu kontrol alanı ta
008 - SABİT UZUNLUKTAKİ VERİ ÖGELERİ - GENEL BİLGİ
Sabit Alan 150629b2013 tu |||gr||||#0|||1|tur |
020 ## - ISBN - ULUSLARARASI STANDART KİTAP NUMARASI
Isbn 9758180622
020 ## - ISBN - ULUSLARARASI STANDART KİTAP NUMARASI
Isbn
-- 9789758180622
040 ## - KATALOGLAMA KAYNAĞI
Özgün Kataloglama Kurumu TR-BiSEU
Kataloglama Dili tur
Çeviri Kurumu TR-BiSEU
Açıklama Kuralları rda
041 0# - DİL KODU
Metin ya da ses kaydının dil kodu tur
044 ## - YAYINLAYAN/ÜRETEN KURULUŞUN ÜLKE KODU
ISO country code tu
050 ## - SINIFLAMA ve YER NUMARASI
Sınıflama Numarası PL248
Yer Numarası .K57 2013
100 0# - KİŞİ ADI
Yazar Adı (Kişi adı) Ahmad Sirhindi.
245 1# - ESER ADI BİLDİRİMİ
Başlık Mektubat/
Sorumluluk Bildirimi Ahmad Sirhindi ; Ahmed-i Faruk-i Serhendi İmam-Rabbani; Sadeleştiren Necip Fazıl Kısakürek.
246 ## - DEĞİŞİK BAŞLIK FORMU
Başlık uygun / kısa başlık Din ve Tasavvuf
250 ## - BASIM BİLDİRİMİ
Basım Bildirimi 8. Basım
264 #1 - ÜRERİM, YAYIN, DAĞITIM ve TELİF BİLDİRİMİ
Yayın yeri İstanbul :
Yayınlayan Büyük Doğu Yayınları
Yayın tarihi 2013
300 ## - FİZİKSEL TANIMLAMA
Sayfa, Cilt vb. 252 sayfa; 20 cm.
336 ## - İÇERİK TÜRÜ
Content type term metin
Content type code txt
Source rdacontent
337 ## - MEDYA TÜRÜ
Media type term aracısız
Media type code n
Source rdamedia
338 ## - TAŞIYICI TÜRÜ
Carrier type term cilt
Carrier type code nc
Source rdacarrier
490 1# - DİZİ BİLDİRİMİ
Dizi Bildirimi Büyük Doğu yayınları ;
Cilt Numarası 76.
490 1# - DİZİ BİLDİRİMİ
Dizi Bildirimi Eser ;
Cilt Numarası 72
500 ## - GENEL NOT
Genel Not Mektubat: din ve tasavvuf.
650 #0 - KONU BAŞLIĞI EK GİRİŞ - KONU TERİMİ
Konusal terim veya coğrafi ad Sufism
Genel Alt Konu Early works to 1800.
9 (RLIN) 90919
830 1# - SERİ EK GİRİŞİ - TEKBİÇİM ESER ADI
Tekbiçim Başlık Büyük Doğu yayınları ;
Volume number/sequential designation 76.
9 (RLIN) 16601
830 1# - SERİ EK GİRİŞİ - TEKBİÇİM ESER ADI
Tekbiçim Başlık Eser ;
Volume number/sequential designation 72
9 (RLIN) 8350
907 ## - LOCAL DATA ELEMENT G, LDG (RLIN)
a Roman
942 ## - EK GİRİŞ ÖGELERİ (KOHA)
Source of classification or shelving scheme Library of Congress Classification
Koha item type Book
Holdings
Materyal Türü Kalıcı Konum Mevcut Konum Raf Yeri Sınıflandırma Kaynağı Edinim Bilgisi Ana Konular Alt Konular Yer Numarası Demirbaş Numarası Fatura Tarihi Maliyet, Alış Fiyatı Maliyet, Yenileme Fiyatı Geri Çekilme Durumu Kayıp Durumu Hasarlı Durumu Kredi için değil Kayıt Tarih Toplam Ödünçverme Son Görülme Tarihi Son Kontrol Tarihi Satın Alma Notu
Book Prof. Dr. Azmi Özcan Kütüphanesi Prof. Dr. Azmi Özcan Kütüphanesi Birûni Salonu Library of Congress Classification Satın DİL VE EDEBİYAT Doğu Asya, Afrika, Okyanusya Dilleri ve Edebiyatları PL248 .K57 2013 0049425 07/07/2015 9.93 9.93         29/06/2015 8 05/12/2024 05/12/2024 B-984687 - B-984797